000 00820nam a22002297a 4500
999 _c65031
_d65031
005 20240530110803.0
008 190115s2018 ua a g b 000 0 ara d
017 _a7632
_bمصر. دار الكتب
020 _a9789776620582
040 _aEG-CaGPL
_cEG-CaGPL
082 0 4 _221
_a398.2
_bق/ ع ح
100 0 _aعثمان الامير
245 1 0 _aحكايات الاناو النوبية /
_cبقلم عثمان الامير
250 _aط.1
260 _aالقاهرة :
_bدار النهضة العربية،
_c 2018 .
300 _a136 ص. ؛
_c24 سم.
504 _aيشتمل على ارجاعات ببليوجرافية
650 0 7 _2qrmak
_aالقصص الشعبية
651 0 7 _2qrmak
_aالنوبة
_xعادات وتقاليد
942 _2ddc
_cBK